[Event "Loire-ch op 0405"]
[Site "Loire"]
[Date "2005.05.21"]
[Round "7"]
[White "Brachet, Gerard"]
[Black "Goudet, Maxence"]
[Result "1/2-1/2"]
[WhiteElo "1340"]
[BlackElo "1380"]
[PlyCount "66"]
[EventDate "2004.10.16"]
[EventType "swiss"]
[EventRounds "9"]
[EventCountry "FRA"]
[SourceTitle "EXT 2008"]
[Source "ChessBase"]
[SourceDate "2007.11.25"]
[SourceVersion "1"]
[SourceVersionDate "2007.11.25"]
[SourceQuality "1"]

1. e4 e5 2. Nf3 Nc6 3. Bc4 d6 4. h3 Nge7 5. d3 d5 6. exd5 Nxd5 7. Bg5 Be7 8. Bxe7 Ndxe7 9. Nbd2 b6 10. c3 Bb7 11. Qb3 0-0 12. Ng5 Qe8 13. 0-0-0 Nd8 14. Nde4 h6 15. Nf3 Ng6 16. g3 Ne6 17. h4 Nc5 18. Qc2 Rd8 19. h5 Ne7 20. Nxe5 Nc8 21. Ng6 Nxe4 22. dxe4 Bxe4 23. Rxd8 Bxg6 24. Qxg6 Qxd8 25. Re1 Qg5+ 26. Kb1 Qd2 27. Bxf7+ Rxf7 28. Re8+ Rf8 29. Qe6+ Kh7 30. Qg6+ Kg8 31. Qe6+ Kh7 32. Qe4+ Kg8 33. Qe6+ Kh7 1/2-1/2